[Event "XIV Festival A"]
[Site "Campobasso ITA"]
[Date "2007.07.20"]
[Round "1"]
[White "Amato, Andrea"]
[Black "Palladino, Andrea"]
[Result "0-1"]
[WhiteElo "2267"]
[BlackElo "1980"]
[PlyCount "80"]
[EventDate "2007.07.20"]

1. e4 e5 2. Nf3 Nc6 3. d4 exd4 4. Nxd4 Nf6 5. Nxc6 bxc6 6. e5 Qe7 7. Qe2 Nd5 8.
c4 Ba6 9. Nd2 Nb4 10. Nf3 d5 11. a3 Bxc4 12. Qd1 Bxf1 13. Kxf1 Na6 14. Qa4 Nb8
15. Bf4 Qd7 16. e6 fxe6 17. Ne5 Qd8 18. Qb3 Bd6 19. Qb7 O-O 20. Qxa8 Qf6 21.
Qxa7 Qxf4 22. Nf3 e5 23. b4 Nd7 24. Re1 Nb6 25. Re2 e4 26. Nd2 d4 27. Nxe4 Qc1+
28. Re1 Qc4+ 29. Kg1 d3 30. g3 Qc2 31. Kg2 d2 32. Nxd2 Qxd2 33. Rhf1 Qd5+ 34.
Kg1 Nc4 35. Rd1 Qh5 36. Qd4 Ne5 37. f4 Nf3+ 38. Rxf3 Qxf3 39. a4 Bxb4 40. Rd3
Bc5 0-1

[Event "XIV Festival A"]
[Site "Campobasso ITA"]
[Date "2007.07.20"]
[Round "1"]
[White "Borino, Paolo"]
[Black "Ficco, Corrado"]
[Result "1-0"]
[WhiteElo "1968"]
[BlackElo "2158"]
[PlyCount "61"]
[EventDate "2007.07.20"]

1. f4 g6 2. e4 Bg7 3. d4 d5 4. e5 Nh6 5. Nf3 f6 6. Bd3 c5 7. dxc5 Nc6 8. exf6
exf6 9. O-O O-O 10. Nc3 Qe7 11. Na4 Bg4 12. h3 Bxf3 13. Qxf3 Rad8 14. Bd2 Qd7
15. Nc3 Nf5 16. Rad1 Nb4 17. Bc1 Nd4 18. Qf2 f5 19. a3 Nbc6 20. Kh1 Kh8 21.
Rfe1 Ne6 22. Bb5 d4 23. b4 Nc7 24. Bc4 Rfe8 25. Ne2 a6 26. c3 Qc8 27. cxd4 Nxd4
28. Nxd4 Rxe1+ 29. Rxe1 Bxd4 30. Bb2 Qd7 31. Rd1 1-0

[Event "XIV Festival A"]
[Site "Campobasso ITA"]
[Date "2007.07.20"]
[Round "1"]
[White "Bottega, Antonio"]
[Black "Safranska, Anda"]
[Result "0-1"]
[WhiteElo "1986"]
[BlackElo "2301"]
[PlyCount "78"]
[EventDate "2007.07.20"]

1. d4 g6 2. g3 Bg7 3. Bg2 Nf6 4. e4 d6 5. Nc3 O-O 6. Nge2 e5 7. O-O Nc6 8. h3
Bd7 9. Be3 exd4 10. Nxd4 Re8 11. Qd2 Ne5 12. Qe2 a6 13. Rad1 Qc8 14. Kh2 b5 15.
f3 c5 16. Nb3 b4 17. f4 bxc3 18. fxe5 Bb5 19. Qxb5 axb5 20. exf6 Bf8 21. bxc3
Rxa2 22. Rd2 Qe6 23. Nc1 Ra1 24. Rd3 h5 25. h4 Kh7 26. Rf2 Qc4 27. Nb3 Ra2 28.
Nd2 Qa4 29. Nf3 Rxc2 30. Ng5+ Kg8 31. Bd2 Re5 32. Nf3 Re8 33. Ng5 Qa6 34. e5
Rxe5 35. Bd5 Rxd5 36. Rxd5 Qa2 37. Rd3 c4 38. Rd5 b4 39. cxb4 c3 0-1

[Event "XIV Festival A"]
[Site "Campobasso ITA"]
[Date "2007.07.20"]
[Round "1"]
[White "Capuano, Francesca"]
[Black "Di Gianni, Rocco"]
[Result "0-1"]
[WhiteElo "1934"]
[BlackElo "2136"]
[PlyCount "108"]
[EventDate "2007.07.20"]

1. d4 g6 2. Nf3 Bg7 3. c4 d6 4. Nc3 Nd7 5. e4 e5 6. Be2 Ngf6 7. d5 Nc5 8. Qc2
a5 9. Bg5 h6 10. Be3 b6 11. Nd2 Qe7 12. b3 Bg4 13. f3 Bd7 14. a3 Nh5 15. Nb5
Bxb5 16. cxb5 Nf4 17. Bf1 Qg5 18. Nc4 Qe7 19. a4 O-O 20. O-O-O Nd7 21. g3 Nh5
22. Bh3 Kh7 23. Rdf1 Bf6 24. Kb1 Bg5 25. Bxd7 Qxd7 26. Qd2 Bxe3 27. Qxe3 f5 28.
Qe2 Nf6 29. Rc1 Rf7 30. Qc2 Raf8 31. exf5 Qxf5 32. Qxf5 gxf5 33. Nd2 Nxd5 34.
Rhe1 Re8 35. Kb2 Rfe7 36. Rc4 Nb4 37. Kc3 d5 38. Rxb4 axb4+ 39. Kxb4 Kg6 40.
Kc3 Ra8 41. Kd3 Kf6 42. Rc1 e4+ 43. fxe4 dxe4+ 44. Ke2 Rd8 45. Rc6+ Kg5 46. Rc4
Rd3 47. Rc2 Red7 48. Ra2 R7d4 49. Rc2 h5 50. Rb2 h4 51. gxh4+ Kxh4 52. b4 Ra3
53. a5 bxa5 54. bxa5 Rxa5 0-1

[Event "XIV Festival A"]
[Site "Campobasso ITA"]
[Date "2007.07.20"]
[Round "1"]
[White "Castellano, Alfonso"]
[Black "Stoyko, Maksym"]
[Result "1/2-1/2"]
[WhiteElo "1903"]
[BlackElo "2129"]
[PlyCount "67"]
[EventDate "2007.07.20"]

1. c4 e6 2. g3 f5 3. Bg2 Nf6 4. Nc3 d5 5. d4 c6 6. Nf3 Bd6 7. O-O O-O 8. e3
Nbd7 9. b3 b6 10. Re1 Ba6 11. Ng5 Qe7 12. Bf1 Bb7 13. f4 Bb4 14. Bd2 h6 15. Nf3
Bxc3 16. Bxc3 a5 17. a4 Ba6 18. Bb2 Rfd8 19. Ba3 c5 20. Qc2 Ne4 21. Rad1 Bb7
22. Bg2 Rac8 23. Qb2 Qe8 24. Rc1 Bc6 25. Qe2 Bb7 26. Qa2 cxd4 27. exd4 Nb8 28.
Bb2 Nc6 29. Qa1 Nb4 30. Ne5 Nd2 31. Re3 Ba8 32. c5 b5 33. axb5 Qxb5 34. Qa4
1/2-1/2

[Event "XIV Festival A"]
[Site "Campobasso ITA"]
[Date "2007.07.20"]
[Round "1"]
[White "De Toma, Francesco"]
[Black "Sannino, Raffaele"]
[Result "0-1"]
[WhiteElo "1744"]
[BlackElo "2037"]
[PlyCount "90"]
[EventDate "2007.07.20"]

1. e4 g6 2. d4 Bg7 3. f4 d5 4. e5 Nh6 5. Be2 O-O 6. Nc3 f6 7. Bf3 c6 8. Nge2
Bg4 9. Bxg4 Nxg4 10. h3 Nh6 11. g4 fxe5 12. dxe5 e6 13. Nd4 Qh4+ 14. Ke2 Qe7
15. Be3 Nd7 16. Qg1 c5 17. Nf3 d4 18. Bxd4 cxd4 19. Qxd4 Nf7 20. h4 Nb6 21. Ne4
Rad8 22. Qc5 Qe8 23. Nfd2 Rd5 24. Qc7 Nxe5 25. fxe5 Bxe5 26. Qxb7 Rf7 27. Qa6
Bxb2 28. Raf1 Bg7 29. Rxf7 Qxf7 30. Rf1 Qc7 31. c4 Rd4 32. c5 Qc8 33. Qxa7 Nc4
34. Rf7 Be5 35. Rf3 Rd7 36. Qa4 Nxd2 37. Nxd2 Rd4 38. Qa7 Bc7 39. Nb3 Rxg4 40.
h5 gxh5 41. c6 Qd8 42. Qe3 Qd5 43. Qf2 Re4+ 44. Kf1 Qd1+ 45. Kg2 Rg4+ 0-1

[Event "XIV Festival A"]
[Site "Campobasso ITA"]
[Date "2007.07.20"]
[Round "1"]
[White "Di Lascio, Savino"]
[Black "Zimina, Olga"]
[Result "0-1"]
[WhiteElo "2014"]
[BlackElo "2377"]
[PlyCount "48"]
[EventDate "2007.07.20"]

1. Nf3 d5 2. g3 Bg4 3. Bg2 Nd7 4. d3 Ngf6 5. Nbd2 e5 6. e4 c6 7. O-O Bc5 8. Qe2
O-O 9. a4 Re8 10. a5 a6 11. Nb3 Ba7 12. h3 dxe4 13. dxe4 Be6 14. Rd1 Bxb3 15.
cxb3 Qe7 16. Nh4 Qb4 17. Ra3 Nc5 18. Be3 Ne6 19. Bxa7 Rxa7 20. Nf5 Raa8 21. Qf3
Rad8 22. Ra4 Qc5 23. b4 Qc2 24. Raa1 Ng5 0-1

[Event "XIV Festival A"]
[Site "Campobasso ITA"]
[Date "2007.07.20"]
[Round "1"]
[White "Fagnani, Alessandro"]
[Black "De Carlo, Fabio"]
[Result "1/2-1/2"]
[WhiteElo "1860"]
[BlackElo "2070"]
[PlyCount "93"]
[EventDate "2007.07.20"]

1. e4 c5 2. Nf3 Nc6 3. d4 cxd4 4. Nxd4 Nf6 5. Nc3 e5 6. Ndb5 d6 7. f3 a6 8. Na3
b5 9. Nd5 Be6 10. Be3 Bxd5 11. exd5 Ne7 12. c4 bxc4 13. Qa4+ Qd7 14. Qxd7+ Kxd7
15. Nxc4 Nfxd5 16. Bf2 g6 17. Bh4 Nf5 18. Bf2 Bh6 19. Rd1 Nfe3 20. Bxe3 Nxe3
21. Rxd6+ Ke7 22. Rb6 Rhb8 23. Rxb8 Rxb8 24. b3 Rd8 25. g4 Nxc4 26. Bxc4 Rd2
27. a4 a5 28. O-O Bf4 29. h4 h5 30. gxh5 gxh5 31. Re1 Bg3 32. Re2 Rxe2 33. Bxe2
f5 34. Kg2 Bxh4 35. f4 e4 36. Bxh5 Be1 37. Be2 Kd6 38. Bc4 Bd2 39. Kg3 Bc3 40.
Kg2 Ke7 41. Bb5 Kf7 42. Bc4+ Kg6 43. Kh3 Be1 44. Be2 Kf6 45. Bc4 Ke7 46. Kg2
Kd6 47. Bf7 1/2-1/2

[Event "XIV Festival A"]
[Site "Campobasso ITA"]
[Date "2007.07.20"]
[Round "1"]
[White "Gatti, Francesco"]
[Black "Fezza, Davide"]
[Result "0-1"]
[WhiteElo "1760"]
[BlackElo "2058"]
[PlyCount "112"]
[EventDate "2007.07.20"]

1. e4 c5 2. Nf3 e6 3. d4 cxd4 4. Nxd4 a6 5. Bd3 Qc7 6. O-O Nf6 7. Kh1 Be7 8.
Nc3 b5 9. Be3 Bb7 10. a3 d6 11. f4 Nbd7 12. Qf3 Nb6 13. g4 Nc4 14. Bxc4 Qxc4
15. g5 Nd7 16. Nb3 O-O 17. Na5 Qc7 18. Nxb7 Qxb7 19. Rad1 a5 20. Ne2 Rfd8 21.
Ng3 Rac8 22. Rd2 Bf8 23. Rg2 Rc4 24. b3 Rc3 25. Nh5 Nc5 26. Nf6+ gxf6 27. gxf6+
Kh8 28. Qg3 Bh6 29. Rfg1 Qxe4 30. Re1 Rxc2 31. Bd2 Qd5 32. Qe3 Nd3 33. Rf1 Rg8
34. Rf3 Rxg2 35. Kxg2 Nxf4+ 36. Kf1 Rc1+ 37. Bxc1 Qd1+ 38. Kf2 Nh3+ 39. Rxh3
Bxe3+ 40. Bxe3 Qxb3 41. Rg3 Qb2+ 42. Kg1 Qxf6 43. Bg5 Qa1+ 44. Kg2 h5 45. Rf3
f5 46. Rh3 Qb2+ 47. Kg1 Qb1+ 48. Kg2 Qc2+ 49. Kg1 Qd1+ 50. Kg2 Kg7 51. Re3 b4
52. axb4 axb4 53. h4 b3 54. Kf2 Qc2+ 55. Re2 Qxe2+ 56. Kxe2 b2 0-1

[Event "XIV Festival A"]
[Site "Campobasso ITA"]
[Date "2007.07.20"]
[Round "1"]
[White "Gerardi, Saverio"]
[Black "Bocci, Alessandro"]
[Result "1-0"]
[WhiteElo "2130"]
[BlackElo "1929"]
[PlyCount "49"]
[EventDate "2007.07.20"]

1. e4 c5 2. Nf3 Nf6 3. Nc3 e6 4. d4 cxd4 5. Nxd4 Qc7 6. Be3 a6 7. Qd2 Nc6 8. f3
Bb4 9. a3 Be7 10. g4 h6 11. h4 b5 12. Nxc6 dxc6 13. Rg1 Bb7 14. g5 Rd8 15. Qf2
Nd7 16. g6 f6 17. Bh3 e5 18. O-O-O b4 19. axb4 Bxb4 20. Bxd7+ Rxd7 21. Bb6 Qc8
22. Rxd7 Kxd7 23. Rd1+ Ke6 24. Qf1 c5 25. Qc4+ 1-0

[Event "XIV Festival A"]
[Site "Campobasso ITA"]
[Date "2007.07.20"]
[Round "1"]
[White "Grasso, Nino"]
[Black "Scalcione, Michelangelo"]
[Result "0-1"]
[WhiteElo "1981"]
[BlackElo "2288"]
[PlyCount "50"]
[EventDate "2007.07.20"]

1. e4 d6 2. d4 Nf6 3. Nc3 e5 4. dxe5 dxe5 5. Qxd8+ Kxd8 6. Bg5 Be6 7. O-O-O+
Nbd7 8. f4 exf4 9. e5 h6 10. Bxf6+ gxf6 11. exf6 c6 12. Nge2 Bc5 13. Nd4 Kc7
14. Ne4 Bxd4 15. Rxd4 Rhg8 16. Nd2 Bd5 17. Nf3 Rae8 18. Rxf4 Bxf3 19. Rxf3 Re1+
20. Kd2 Rge8 21. g3 Rb1 22. b3 Ree1 23. g4 Nc5 24. c4 Ne4+ 25. Kd3 Rbd1+ 0-1

[Event "XIV Festival A"]
[Site "Campobasso ITA"]
[Date "2007.07.20"]
[Round "1"]
[White "Gromovs, Sergejs"]
[Black "De Leon Cultri Fascetti, Angelo"]
[Result "1-0"]
[WhiteElo "2368"]
[BlackElo "2010"]
[PlyCount "85"]
[EventDate "2007.07.20"]

1. d4 Nf6 2. Nf3 g6 3. c4 Bg7 4. Nc3 O-O 5. e4 d6 6. Be2 e5 7. O-O Nc6 8. d5
Ne7 9. b4 Nh5 10. Re1 f5 11. Ng5 Nf4 12. Bf1 h6 13. Nf3 g5 14. a4 Neg6 15. c5
g4 16. Nd2 Qh4 17. cxd6 Nxg2 18. Bxg2 f4 19. f3 g3 20. Nf1 cxd6 21. Ra2 Rf6 22.
Nb5 Nf8 23. Nc7 Rb8 24. Ne8 Rg6 25. Nxg7 Rxg7 26. b5 Bh3 27. Ree2 Ng6 28. Ba3
Kh7 29. Bxd6 Rbg8 30. Bb4 Bxg2 31. Rxg2 Qh3 32. hxg3 Nh4 33. Be1 Nxg2 34. Rxg2
fxg3 35. d6 h5 36. Qd5 h4 37. Qxe5 Rg5 38. Qf4 R8g7 39. Bc3 Rg8 40. Qf7+ Kh6
41. Bd2 Qxg2+ 42. Kxg2 h3+ 43. Kg1 1-0

[Event "XIV Festival A"]
[Site "Campobasso ITA"]
[Date "2007.07.20"]
[Round "1"]
[White "Guccione, Daniele"]
[Black "Petruccioli, Antonio"]
[Result "0-1"]
[WhiteElo "1879"]
[BlackElo "2100"]
[PlyCount "74"]
[EventDate "2007.07.20"]

1. e4 c5 2. Nf3 a6 3. g3 d6 4. Bg2 e5 5. d3 Nf6 6. Nc3 Be7 7. Bg5 Nc6 8. O-O
Bg4 9. h3 Be6 10. Qe2 O-O 11. Kh2 Nd7 12. Be3 Nd4 13. Qd2 b5 14. Ng5 Bxg5 15.
Bxg5 f6 16. Be3 b4 17. Nd5 a5 18. f4 Nb6 19. Nxb6 Qxb6 20. c3 Nc6 21. Rf2 bxc3
22. bxc3 Rab8 23. f5 Bf7 24. g4 Rb7 25. g5 fxg5 26. Bxg5 Rfb8 27. Qe3 c4 28. d4
exd4 29. cxd4 Qxd4 30. Qxd4 Nxd4 31. e5 dxe5 32. Bxb7 Rxb7 33. Re1 h6 34. Bc1
Rb1 35. Rff1 a4 36. Ba3 Rxe1 37. Rxe1 Nf3+ 0-1

[Event "XIV Festival A"]
[Site "Campobasso ITA"]
[Date "2007.07.20"]
[Round "1"]
[White "Ljubisavljevic, Zivojin Z."]
[Black "Iodice, Fabio"]
[Result "1-0"]
[WhiteElo "2296"]
[BlackElo "1986"]
[PlyCount "49"]
[EventDate "2007.07.20"]

1. e4 c6 2. d4 d5 3. Nc3 dxe4 4. Nxe4 Bf5 5. Ng3 Bg6 6. f4 e6 7. Nf3 Bd6 8. Bd3
Bxd3 9. Qxd3 Nf6 10. O-O O-O 11. Ng5 g6 12. Bd2 c5 13. Kh1 cxd4 14. Qxd4 Nc6
15. Qf2 Qc7 16. c4 Rfd8 17. Bc3 Be7 18. N3e4 Nxe4 19. Nxe4 Nb8 20. Nf6+ Bxf6
21. Bxf6 Rd3 22. Rad1 Rxd1 23. Rxd1 Nd7 24. Bc3 Nc5 25. Qd4 1-0

[Event "XIV Festival A"]
[Site "Campobasso ITA"]
[Date "2007.07.20"]
[Round "1"]
[White "Mrdja, Milan"]
[Black "Basaric, Srdjan"]
[Result "1-0"]
[WhiteElo "2385"]
[BlackElo "2020"]
[PlyCount "71"]
[EventDate "2007.07.20"]

1. e4 e5 2. Bc4 Nf6 3. d3 Nc6 4. Nf3 Bc5 5. O-O d6 6. c3 O-O 7. Bg5 Bg4 8. h3
Bh5 9. g4 Bg6 10. b4 Bb6 11. Nh4 Qd7 12. Bxf6 gxf6 13. Kh2 Kg7 14. Nd2 a5 15.
bxa5 Nxa5 16. Qe2 Nxc4 17. Nxc4 d5 18. exd5 Qxd5 19. Nf5+ Kh8 20. a4 Rfd8 21.
Rfd1 Ra6 22. d4 e4 23. Nce3 Qd7 24. Qc2 Re8 25. Kg2 c6 26. Rab1 Ba7 27. c4 Bb8
28. Qb3 Bxf5 29. Nxf5 Qc7 30. Ng3 Qf4 31. Re1 Ra5 32. Re3 Ra7 33. Rbe1 h5 34.
Rxe4 Rxe4 35. Rxe4 Qc1 36. Re8+ 1-0

[Event "XIV Festival A"]
[Site "Campobasso ITA"]
[Date "2007.07.20"]
[Round "1"]
[White "Parrella, Alfredo"]
[Black "Improta, Giovanni"]
[Result "1-0"]
[WhiteElo "2137"]
[BlackElo "1935"]
[PlyCount "91"]
[EventDate "2007.07.20"]

1. d4 Nf6 2. c4 e6 3. g3 c6 4. Bg2 d5 5. Nf3 Be7 6. O-O Nbd7 7. Nbd2 Qc7 8. Qc2
dxc4 9. Nxc4 Nd5 10. e4 Nb4 11. Qc3 O-O 12. Bf4 Qd8 13. a3 Na6 14. Rad1 Nc7 15.
Qc2 Nf6 16. h3 b5 17. Na5 Bd7 18. Nxc6 Bxc6 19. Qxc6 Rc8 20. Rc1 Na8 21. Qb7
Qd7 22. Qxd7 Nxd7 23. Rxc8 Rxc8 24. Rc1 Rxc1+ 25. Bxc1 Nab6 26. b3 a5 27. Bf1
b4 28. axb4 axb4 29. Bd3 f6 30. Bf4 h6 31. Bc7 Kf8 32. Kf1 Ke8 33. Ne1 Na8 34.
Ba5 Nb8 35. Bb5+ Kf7 36. Nd3 g5 37. g4 Bd6 38. e5 fxe5 39. dxe5 Be7 40. Ke2 Kg6
41. Ke3 h5 42. Kd4 hxg4 43. hxg4 Kf7 44. Kc4 Kf8 45. Nxb4 Bxb4 46. Kxb4 1-0

[Event "XIV Festival A"]
[Site "Campobasso ITA"]
[Date "2007.07.20"]
[Round "1"]
[White "Parrini, Daniele"]
[Black "Lazarev, Vladimir"]
[Result "0-1"]
[WhiteElo "2026"]
[BlackElo "2498"]
[PlyCount "52"]
[EventDate "2007.07.20"]

1. e4 c5 2. Nf3 Nc6 3. d4 cxd4 4. Nxd4 Qb6 5. Nb3 Nf6 6. Nc3 e6 7. Bd3 a6 8.
O-O Qc7 9. f4 d6 10. Qe2 Be7 11. Bd2 b5 12. a3 Bb7 13. Rae1 g6 14. e5 Nd7 15.
exd6 Qxd6 16. Ne4 Qc7 17. Ng5 Bxg5 18. fxg5 O-O 19. Bc3 b4 20. Bf6 bxa3 21.
bxa3 Rae8 22. Rf3 e5 23. Rh3 e4 24. Bxa6 Qb6+ 25. Kh1 Qxa6 26. Qg4 Nxf6 0-1

[Event "XIV Festival A"]
[Site "Campobasso ITA"]
[Date "2007.07.20"]
[Round "1"]
[White "Piro, Valerio"]
[Black "Merendino, Riccardo"]
[Result "1-0"]
[WhiteElo "2096"]
[BlackElo "1879"]
[PlyCount "67"]
[EventDate "2007.07.20"]

1. c4 e5 2. Nc3 Nf6 3. Nf3 Nc6 4. e3 Be7 5. a3 a5 6. d4 exd4 7. Nxd4 Nxd4 8.
Qxd4 d6 9. Be2 Be6 10. Bf3 c6 11. O-O O-O 12. Rd1 Qd7 13. b3 Rfd8 14. Bb2 Ne8
15. Ne4 Nf6 16. Rd2 d5 17. Nc5 Qc7 18. Nxe6 fxe6 19. c5 Bf8 20. Rad1 Re8 21. b4
e5 22. Qc3 axb4 23. axb4 g6 24. Qb3 Kh8 25. Ra1 b5 26. cxb6 Qxb6 27. Rxa8 Rxa8
28. Bxe5 Bg7 29. Qc3 Ne8 30. Rd1 Rb8 31. g3 Rb7 32. Bxg7+ Nxg7 33. Bxd5 Rd7 34.
Bf3 1-0

[Event "XIV Festival A"]
[Site "Campobasso ITA"]
[Date "2007.07.20"]
[Round "2"]
[White "Basaric, Srdjan"]
[Black "Guccione, Daniele"]
[Result "1-0"]
[WhiteElo "2020"]
[BlackElo "1879"]
[PlyCount "61"]
[EventDate "2007.07.20"]

1. e4 e5 2. Nf3 Nc6 3. Bb5 a6 4. Ba4 Nf6 5. d4 Nxe4 6. O-O d5 7. Nxe5 Bd7 8.
Nxf7 Qh4 9. Bxc6 bxc6 10. g3 Qh3 11. Nxh8 Bd6 12. Qf3 Bg4 13. Qg2 Qh5 14. f3
Bh3 15. Qe2 Kd7 16. Nf7 Bxg3 17. Ne5+ Bxe5 18. dxe5 Rf8 19. Nc3 Bxf1 20. Qxf1
Rxf3 21. Qg2 Rxc3 22. bxc3 Qd1+ 23. Qf1 Qg4+ 24. Kh1 Qh5 25. Bf4 g5 26. Rb1
gxf4 27. Qxf4 Ke6 28. Rg1 Qe2 29. Qf1 Nf2+ 30. Kg2 Ne4+ 31. Qxe2 1-0

[Event "XIV Festival A"]
[Site "Campobasso ITA"]
[Date "2007.07.20"]
[Round "2"]
[White "Bitossi, Massimo"]
[Black "Di Lascio, Savino"]
[Result "1-0"]
[WhiteElo "1892"]
[BlackElo "2014"]
[PlyCount "67"]
[EventDate "2007.07.20"]

1. d4 Nf6 2. Bf4 e6 3. Nf3 c5 4. e3 Nc6 5. Be2 d5 6. O-O Be7 7. Ne5 O-O 8. c3
Qb6 9. Qc1 Bd7 10. Nd2 Rfc8 11. Qb1 Be8 12. h3 Nxe5 13. dxe5 Nd7 14. Nf3 Nf8
15. Bd3 h6 16. Qc1 Bc6 17. Rd1 d4 18. Nh2 dxc3 19. bxc3 c4 20. Bc2 Rd8 21. Ng4
h5 22. Nh2 g5 23. Bg3 h4 24. Bxh4 gxh4 25. Rd4 Ng6 26. Ng4 Bg5 27. Nf6+ Bxf6
28. exf6 e5 29. e4 Nf4 30. Qd1 exd4 31. Qg4+ Ng6 32. Qg5 Be8 33. e5 d3 34. Qh6
1-0

[Event "XIV Festival A"]
[Site "Campobasso ITA"]
[Date "2007.07.20"]
[Round "2"]
[White "Bocci, Alessandro"]
[Black "Parrini, Daniele"]
[Result "1/2-1/2"]
[WhiteElo "1929"]
[BlackElo "2026"]
[PlyCount "61"]
[EventDate "2007.07.20"]

1. d4 Nf6 2. c4 g6 3. Nc3 d5 4. cxd5 Nxd5 5. e4 Nxc3 6. bxc3 Bg7 7. Qa4+ Bd7 8.
Qa3 O-O 9. Bg5 Re8 10. Nf3 h6 11. Be3 b6 12. Rd1 Bc6 13. d5 Bb7 14. Bb5 Rf8 15.
O-O a6 16. Be2 Qd6 17. Qxd6 exd6 18. Bd4 Nd7 19. Bxg7 Kxg7 20. Nd4 Rae8 21. Bd3
Re7 22. f3 Nc5 23. g4 Rfe8 24. Bc2 Nd7 25. Ba4 b5 26. Bb3 Nc5 27. Bc2 Rb8 28.
Ra1 Ba8 29. Rfb1 Ree8 30. Rb4 Rb6 31. a4 1/2-1/2

[Event "XIV Festival A"]
[Site "Campobasso ITA"]
[Date "2007.07.20"]
[Round "2"]
[White "Caporale, Giuseppe Guido"]
[Black "Vuelban, Virgilio"]
[Result "0-1"]
[WhiteElo "1850"]
[BlackElo "2332"]
[PlyCount "54"]
[EventDate "2007.07.20"]

1. e4 c5 2. Nf3 Nc6 3. d4 cxd4 4. Nxd4 Nf6 5. Nc3 d6 6. Be2 e6 7. Be3 Be7 8.
Qd2 a6 9. f4 O-O 10. Nf3 Qc7 11. a3 b5 12. Bd3 Bb7 13. h3 b4 14. Na4 d5 15. Bb6
Qb8 16. Bc5 dxe4 17. Bxe7 Nxe7 18. Qxb4 Ned5 19. Qd4 exf3 20. gxf3 Nxf4 21. Rg1
e5 22. Qe3 N6d5 23. Qf2 Nxd3+ 24. cxd3 Nf4 25. O-O-O Nxh3 26. Qg3 Nxg1 27. Rxg1
g6 0-1

[Event "XIV Festival A"]
[Site "Campobasso ITA"]
[Date "2007.07.20"]
[Round "2"]
[White "Chicco, Giancarlo"]
[Black "Amato, Andrea"]
[Result "0-1"]
[WhiteElo "1658"]
[BlackElo "2267"]
[PlyCount "81"]
[EventDate "2007.07.20"]

1. d4 d5 2. Nf3 Nf6 3. Bf4 c5 4. e3 Qb6 5. Qc1 cxd4 6. exd4 Nc6 7. c3 Bf5 8.
Nbd2 Rc8 9. Nb3 Nb4 10. Be2 Nc2+ 11. Kf1 Nxa1 12. Qxa1 e6 13. h3 Be7 14. g3 O-O
15. Kg2 Nd7 16. Rd1 Bd6 17. Bxd6 Qxd6 18. Bd3 Be4 19. Bxe4 dxe4 20. Ng5 Qd5 21.
h4 h6 22. Nh3 Rfd8 23. Re1 e5 24. dxe5 Nxe5 25. Re3 Ng4 26. Re2 Qd3 27. Ng1 e3
28. f3 Nf6 29. Qe1 Re8 30. Nd4 Nd5 31. Nh3 b5 32. a3 a5 33. Nf2 Qg6 34. Nh3 b4
35. axb4 axb4 36. cxb4 Qd3 37. Nb3 Qxb3 38. Nf4 Nxf4+ 39. gxf4 Rc2 40. Kg3 Rxe2
41. Qxe2 0-1

[Event "XIV Festival A"]
[Site "Campobasso ITA"]
[Date "2007.07.20"]
[Round "2"]
[White "De Carlo, Fabio"]
[Black "Castellano, Alfonso"]
[Result "1-0"]
[WhiteElo "2070"]
[BlackElo "1903"]
[PlyCount "81"]
[EventDate "2007.07.20"]

1. c4 b6 2. Nc3 Bb7 3. Nf3 Nf6 4. g3 g6 5. Bg2 Bg7 6. O-O d6 7. d4 Nbd7 8. Re1
O-O 9. e4 e5 10. d5 a5 11. Re2 Nh5 12. Nd2 f5 13. f3 Ba6 14. a3 Bb7 15. Na2 a4
16. Nb4 Nc5 17. Qc2 Bc8 18. Nc6 Qe8 19. b4 axb3 20. Nxb3 Nxb3 21. Qxb3 Bd7 22.
Rb1 Kh8 23. Nb4 Nf6 24. Bb2 fxe4 25. fxe4 Ng4 26. h3 Nf6 27. Rf1 b5 28. c5 dxc5
29. Nc6 Bxc6 30. dxc6 Qxc6 31. Bxe5 Qb6 32. Qb2 Rae8 33. Ref2 Re6 34. Bc3 g5
35. e5 Nd7 36. Rxf8+ Nxf8 37. Bd5 Re7 38. e6 c4+ 39. Kg2 Ng6 40. Bxg7+ Rxg7 41.
Rf7 1-0

[Event "XIV Festival A"]
[Site "Campobasso ITA"]
[Date "2007.07.20"]
[Round "2"]
[White "Di Gianni, Rocco"]
[Black "Borino, Paolo"]
[Result "1-0"]
[WhiteElo "2136"]
[BlackElo "1968"]
[PlyCount "49"]
[EventDate "2007.07.20"]

1. e4 d6 2. d4 Nf6 3. Nd2 c6 4. h3 e5 5. Ngf3 Nbd7 6. Be2 Be7 7. O-O O-O 8. Re1
Qc7 9. Bf1 b5 10. a4 bxa4 11. Rxa4 Nb6 12. Ra1 Bb7 13. b3 Rfe8 14. Bb2 exd4 15.
Nxd4 c5 16. Nb5 Qb8 17. e5 Nfd5 18. exd6 a6 19. dxe7 axb5 20. Qg4 g6 21. Qh4
Rxa1 22. Bxa1 b4 23. Bb5 Nc3 24. Bxc3 bxc3 25. Ne4 1-0

[Event "XIV Festival A"]
[Site "Campobasso ITA"]
[Date "2007.07.20"]
[Round "2"]
[White "Fezza, Davide"]
[Black "Gromovs, Sergejs"]
[Result "0-1"]
[WhiteElo "2058"]
[BlackElo "2368"]
[PlyCount "102"]
[EventDate "2007.07.20"]

1. e4 c5 2. Nf3 d6 3. d4 cxd4 4. Nxd4 Nf6 5. Nc3 a6 6. Bg5 e6 7. f4 Qb6 8. Qd2
Qxb2 9. Nb3 Qa3 10. Be2 Nbd7 11. O-O Be7 12. Rae1 h6 13. Bh4 Qb4 14. Bf2 Nxe4
15. Nxe4 Qxe4 16. Bd4 Qg6 17. Rf3 Bh4 18. g3 O-O 19. Bd3 f5 20. Qb4 Be7 21. Bc4
d5 22. Qxe7 dxc4 23. Na5 Re8 24. Qd6 b5 25. Qc6 Rb8 26. Ba7 Qf7 27. Bxb8 Nxb8
28. Qd6 Nd7 29. Rfe3 Nf6 30. Nc6 Ne4 31. Qd4 Qc7 32. Ne5 Rd8 33. Qa1 Qc5 34.
Nf3 c3 35. Kg2 Bb7 36. h3 b4 37. R1e2 Nd2 38. Qd1 Rd6 39. Qe1 Nxf3 40. Rxf3 Kh7
41. g4 Rd4 42. Qf2 Qd5 43. Kg3 fxg4 44. hxg4 Rd1 45. Re5 Qc6 46. Re2 Rg1+ 47.
Kh2 Rxg4 48. f5 exf5 49. Ree3 f4 50. Rd3 Qg6 51. Rd7 Bxf3 0-1

[Event "XIV Festival A"]
[Site "Campobasso ITA"]
[Date "2007.07.20"]
[Round "2"]
[White "Ficco, Corrado"]
[Black "Capuano, Francesca"]
[Result "1/2-1/2"]
[WhiteElo "2158"]
[BlackElo "1934"]
[PlyCount "53"]
[EventDate "2007.07.20"]

1. e4 e5 2. Nf3 Nf6 3. Nc3 Nc6 4. Bb5 Bb4 5. O-O O-O 6. d3 d6 7. Bg5 Bxc3 8.
bxc3 h6 9. Bh4 Qe7 10. Bxc6 bxc6 11. Qd2 Be6 12. c4 c5 13. Bxf6 Qxf6 14. Ne1 g5
15. Rb1 Qe7 16. g3 f5 17. exf5 Rxf5 18. Qe3 Bd7 19. f3 Bc6 20. c3 Qf7 21. Rb2
Re8 22. Rbf2 Kg7 23. Nc2 h5 24. Qe2 Rf8 25. Ne1 Re8 26. Ng2 Rf8 27. Ne1 1/2-1/2

[Event "XIV Festival A"]
[Site "Campobasso ITA"]
[Date "2007.07.20"]
[Round "2"]
[White "Improta, Giovanni"]
[Black "Cordi', Domenico"]
[Result "0-1"]
[WhiteElo "1935"]
[BlackElo "2062"]
[PlyCount "98"]
[EventDate "2007.07.20"]

1. e4 c5 2. f4 d6 3. Nf3 Nc6 4. c3 Nf6 5. d3 e6 6. Be2 Be7 7. O-O a6 8. Qe1 O-O
9. e5 Nd7 10. Qg3 Kh8 11. d4 cxd4 12. cxd4 Qb6 13. Kh1 Nxd4 14. Nxd4 Qxd4 15.
Rd1 Qb6 16. b3 d5 17. Nc3 Qc7 18. Bb2 b5 19. Rac1 Qb8 20. Bd3 Rd8 21. Qh3 Nf8
22. Ne2 Bd7 23. Rc2 Qb7 24. Rdc1 Rdc8 25. Qh5 Be8 26. Qh3 Rxc2 27. Rxc2 Rc8 28.
Nd4 Rxc2 29. Bxc2 Qc7 30. Qd3 Kg8 31. g4 Bd7 32. Kg2 Ng6 33. Kf3 f6 34. Qc3
Qxc3+ 35. Bxc3 fxe5 36. fxe5 Nxe5+ 37. Kg3 Bd6 38. Kh3 g6 39. Bd1 Nd3 40. Kg2
e5 41. Nc2 Bc6 42. Kf1 Kf7 43. Bd2 d4 44. Be2 Be4 45. g5 Nc5 46. Nb4 a5 47.
Bxb5 axb4 48. Bc4+ Ne6 49. a4 Bb1 0-1

[Event "XIV Festival A"]
[Site "Campobasso ITA"]
[Date "2007.07.20"]
[Round "2"]
[White "Iodice, Fabio"]
[Black "De Toma, Francesco"]
[Result "1/2-1/2"]
[WhiteElo "1986"]
[BlackElo "1744"]
[PlyCount "119"]
[EventDate "2007.07.20"]

1. Nf3 c5 2. c4 g6 3. g3 Bg7 4. Bg2 Nc6 5. Nc3 e5 6. d3 h6 7. a3 Nge7 8. Rb1 a5
9. O-O O-O 10. Nb5 d5 11. cxd5 Nxd5 12. Bd2 Be6 13. Qc1 Kh7 14. Qxc5 Rc8 15.
Na7 Nxa7 16. Qxa7 b6 17. Rfc1 Qd6 18. Qb7 Ne7 19. Qa6 Ra8 20. Qb5 Rac8 21. Ne1
Nf5 22. e3 Qb8 23. Qa4 Rfd8 24. Qd1 Bf8 25. Rxc8 Rxc8 26. Rc1 Ng7 27. Rxc8 Qxc8
28. Qc2 Qxc2 29. Nxc2 Bb3 30. Ne1 Ne6 31. Bc3 Bd6 32. d4 exd4 33. exd4 Nc7 34.
Bc6 Nd5 35. Bxd5 Bxd5 36. f4 f6 37. Kf2 Kg7 38. Ke3 Kf7 39. Nf3 Ke6 40. Nd2 Kf5
41. Nf3 Kg4 42. Ng1 h5 43. Be1 g5 44. fxg5 fxg5 45. Bf2 Bf8 46. Be1 Bg7 47. Bf2
Bh6 48. Be1 Kf5 49. Bf2 g4+ 50. Kd3 Bc1 51. Kc2 Bg5 52. Kd3 b5 53. Be3 Bc4+ 54.
Kd2 Bf6 55. Ne2 Bxe2 56. Kxe2 Ke4 57. Bd2 a4 58. Bc3 Bxd4 59. Bxd4 Kxd4 60. Kd2
1/2-1/2